Captive seawater fishes : (Record no. 172)

MARC details
000 -LEADER
fixed length control field 00495nam a2200157Ia 4500
020 ## - INTERNATIONAL STANDARD BOOK NUMBER
ISBN 0471545546
050 ## - CALL NUMBER
Classification number QL78.5
Item number .S6
100 1# - AUTHOR
Personal name Spotte, Stephen H.
245 10 - TITLE
Title Captive seawater fishes :
Remainder of title science and technology /
Statement of responsibility, etc Stephen Spotte.
260 ## - PUBLICATION INFORMATION
Place of publication New York :
Name of publisher John Wiley,
Year of publication 1992.
300 ## - DESCRIPTION
Number of Pages xxii, 942 p., [16] p. of col. plates :
Other physical details ill.
500 ## - NOTES
General note INCLUDES BIBLIOGRAPHIC REFERENCE AND INDEX
650 #0 - SUBJECTS
Topical Term Public marine aquariums.
650 #0 - SUBJECTS
Topical Term Marine aquarium fishes.
942 ## - ADDED ENTRY ELEMENTS (KOHA)
Koha item type Books
Holdings
Withdrawn status Lost status Home library Current library Date acquired Full call number Accession Number Koha item type
    Methodist University Library Wenchi Faculty Methodist University Library Wenchi Faculty 13/10/2017 QL78.5 .S6 21596 Books
Copyright © 2026  MUG Library